1148 1756 1457 1185 1768 1124 1866 1718 1007 1832 1769 1508 1338 1215 1371 1466 1493 1941 1320 1023 1116 1043 1548 1332 1426 1870 1343 1768 1544 1676 1118 1435 1362 1562 1501 1770 1734 1599 1574 1838 1095 1194 1084 1118 1945 1544 1936 1674 1355 1980 1822 1474 1563 1839 1003 1136 1384 1537 1292 1096 1449 1300 1620 1683 1210 1832 1412 1589 1378 1111 1103 1480 1579 1956 1672 1108 1692 1507 1383 1287 1852 1627 1424 1238 1643 1184 1598 1234 1682 1047 1240 1476 1564 1244 1172 1541 1650 1287 1382 BCNSPRNW ULIB Ver.6.0+V

เปลี่ยนเป็นภาษาไทย

Change to English
 แสดงรายละเอียดบรรณานุกรม
  กลับหน้าหลัก

Brief Record : Get Marc (ISO 2709) : E-mail record : QR code < ปิดหน้าต่าง
LEADER : 00000nam 2200000uu 4500
001    13399129190
003     ULIB
008    260423s||||||||th 000 0 tha d
020    ^a9786163211651
060 04 ^aQT100^bร326ส
100 0  ^aรัชฎา แก่นสาร์
245 10 ^aสรีรวิทยา 1 /^cรัชฎา แก่นสาร์
250    ^aพิมพ์ครั้งที่ 5
260    ^aนนทบุรี :^bโครงการสวัสดิการวิชาการ สถาบันพระบรมราชชนก.^c2568
300    ^a406หน้า :^bภาพประกอบ ;^c26 ซม.
500    ^aSend to Single Search
650  2 ^aPhysiology
650  4 ^aสรีรวิทยา
710  2 ^aกระทรวงสาธารณสุข.^bสถาบันพระบรมมราชชนก.
945    ^a^p320^l0^i20483
945    ^a^p320^l0^i20484
945    ^a^p320^l0^i20485
945    ^a^p320^l0^i20486
945    ^a^p320^l0^i20487
945    ^a^p320^l0^i20488
945    ^a^p320^l0^i20489
945    ^a^p320^l0^i20490
945    ^a^p320^l0^i20491
945    ^a^p320^l0^i20492
945    ^a^p320^l0^i20493
945    ^a^p320^l0^i20494
945    ^a^p320^l0^i20495
945    ^a^p320^l0^i20496
945    ^a^p320^l0^i20497
945    ^a^p320^l0^i20498
945    ^a^p320^l0^i20499
945    ^a^p320^l0^i20500
945    ^a^p320^l0^i20501
945    ^a^p320^l0^i20502
945    ^a^p320^l0^i20503
945    ^a^p320^l0^i20504
945    ^a^p320^l0^i20505
945    ^a^p320^l0^i20506
945    ^a^p320^l0^i20507
995    ^aกัณชพร
999    ^aกัณชพร
รายการนี้ยังไม่มีแท็ก
คุณยังไม่ได้ล็อกอิน คุณสามารถมีกิจกรรมร่วมกับเว็บไซต์ได้ แต่ต้องล็อกอินก่อน ::
  ล็อกอิน

รายการสื่อสารสนเทศ

ลำดับที่ ประเภท เลขเรียก/บาร์โค้ด สถานที่ สถานะ
1. วิทยาศาสตร์การแพทย์ และสุขภาพ
วิทยาศาสตร์การแพทย์ และสุขภาพ
QT100 ร326ส ฉ.1 
  Barcode: 30601
ห้องสมุดวิทยาเขตสวรรค์ประชารักษ์
►หนังสือทั่วไป
บนชั้น
2. วิทยาศาสตร์การแพทย์ และสุขภาพ
วิทยาศาสตร์การแพทย์ และสุขภาพ
QT100 ร326ส ฉ.2 
  Barcode: 30602
ห้องสมุดวิทยาเขตสวรรค์ประชารักษ์
►หนังสือทั่วไป
บนชั้น
3. วิทยาศาสตร์การแพทย์ และสุขภาพ
วิทยาศาสตร์การแพทย์ และสุขภาพ
QT100 ร326ส ฉ.3 
  Barcode: 30603
ห้องสมุดวิทยาเขตสวรรค์ประชารักษ์
►หนังสือทั่วไป
บนชั้น
4. วิทยาศาสตร์การแพทย์ และสุขภาพ
วิทยาศาสตร์การแพทย์ และสุขภาพ
QT100 ร326ส ฉ.4 
  Barcode: 30604
ห้องสมุดวิทยาเขตสวรรค์ประชารักษ์
►หนังสือทั่วไป
บนชั้น
5. วิทยาศาสตร์การแพทย์ และสุขภาพ
วิทยาศาสตร์การแพทย์ และสุขภาพ
QT100 ร326ส ฉ.5 
  Barcode: 30605
ห้องสมุดวิทยาเขตสวรรค์ประชารักษ์
►หนังสือทั่วไป
บนชั้น

รายการใกล้เคียง
    ผู้แต่ง [รัชฎา แก่นสาร์]

    หัวเรื่อง [Physiology]
    หัวเรื่อง [สรีรวิทยา]

BibComment


ยังไม่เคยถูกคอมเมนท์

คอมเมนท์ทรัพยากรรายการนี้
  คอมเมนท์: สรีรวิทยา 1 รัช..


 Copyright 2026. Bcnsprnw @Library